Statistics for Eurovision Song Lyrics - Ireland

Click here to take the quiz!

General Stats

  • This quiz has been taken 12 times
  • The average score is 177 of 274

Answer Stats

Answer% Correct
a
100%
are
92%
be
92%
on
92%
one
92%
one!
92%
We
92%
(We
92%
we
92%
I
83%
might
83%
different
75%
different,
75%
freak)
75%
freak
75%
the
75%
But
67%
But,
67%
Tonight,
67%
(And
58%
And
58%
down
58%
down,
58%
falling
58%
go
58%
go...
58%
leader,
58%
like
58%
under
58%
unique)
58%
unique
58%
When
58%
(You
58%
You
58%
Oh,
50%
rise,
50%
rise
50%
sun
50%
then
42%
breath
33%
can
33%
exhale
33%
first
33%
get
33%
it
33%
take
33%
we're
33%
again
25%
all
25%
at
25%
At
25%
(At
25%
life
25%
look
25%
not
25%
our
25%
Though
25%
up
25%
alone)
17%
alone
17%
around
17%
back
17%
could
17%
give
17%
got
17%
least
17%
long
17%
road)
17%
road
17%
every
8%
fail
8%
fighting)
0%
fighting
0%
keep
0%
stone
0%
stone)
0%
turning
0%
(Turning
0%
Until
0%
0%

Score Distribution

Percentile by Number Answered

Percent of People with Each Score

Your Score History

You have not taken this quiz